Najlepší na Slovensku exkluzívny rebríček TOP 200 najvýkonnejších slovenských výrobných podnikov za rok 2009
Najväčší prírastok obratu. Šampióni ziskovosti. Najväčší zamestnávatelia. Najväčšie elektrotechnické, chemické, strojárske, stavebné podniky. Do rebríčka sú zaradené podniky, kde prevažuje vlastná výroba, nie obchod. V tabuľkách je uvedená výška obratu za posledné tri roky, zisk, celkový počet praco...
Uložené v:
| Médium: | Kapitola |
|---|---|
| Jazyk: | Slovak |
| Predmet: | |
| Tagy: |
Žiadne tagy, Buďte prvý, kto otaguje tento záznam!
|
MARC
| LEADER | 00000naa a2200000 4500 | ||
|---|---|---|---|
| 001 | 0117389 | ||
| 005 | 20231011121838.5 | ||
| 041 | 0 | |a slo | |
| 044 | |a SK | ||
| 245 | 1 | 0 | |a Najlepší na Slovensku |b exkluzívny rebríček TOP 200 najvýkonnejších slovenských výrobných podnikov za rok 2009 |
| 520 | |a Najväčší prírastok obratu. Šampióni ziskovosti. Najväčší zamestnávatelia. Najväčšie elektrotechnické, chemické, strojárske, stavebné podniky. Do rebríčka sú zaradené podniky, kde prevažuje vlastná výroba, nie obchod. V tabuľkách je uvedená výška obratu za posledné tri roky, zisk, celkový počet pracovníkov na Slovensku, prípadne globálne, ak ide o medzinárodnú spoločnosť. | ||
| 610 | 2 | 0 | |a podnik výrobný |
| 610 | 2 | 0 | |a Slovensko |
| 610 | 2 | 0 | |a výkony podnikové |
| 610 | 2 | 0 | |a efektívnosť |